Landschaften & Menschen im Baselbiet
| Titel: | Landschaften & Menschen im Baselbiet / hrsg. von der Kommission für das Baselbieter Heimatbuch. [Red. und Lektorat: Yves Binet] |
|---|---|
| Beteiligt: | |
| Körperschaft: | |
| Veröffentlicht: | Liestal : Verlag Basel-Landschaft, 2013 |
| Umfang: | 403 Seiten : Illustrationen, Diagramme, Karten ; 23 cm, 910 g |
| Format: | Buch |
| Sprache: | Deutsch |
| Schriftenreihe/ mehrbändiges Werk: |
Baselbieter Heimatbuch ; 29 |
| ISBN: | 9783856731151 |
| Hinweise zum Inhalt: |
Inhaltsverzeichnis
|
alg: 33681618 001A $06000:20-02-14 001B $01999:04-03-25 $t11:03:05.000 001D $06000:20-02-14 001U $0utf8 001X $00 002@ $0Aax 002C $aText $btxt $2rdacontent 002D $aohne Hilfsmittel zu benutzen $bn $2rdamedia 002E $aBand $bnc $2rdacarrier 003@ $0336816189 004A $A978-3-85673-115-1 $fPp. : sfr 39.00 (freier Pr.) 004E/01 $09621102 004K $09783856731151 006C $0867871216 006G $01045744069 006H $0TOCNEUA1408 $2DNB 006T $014,N02 006U $014,A08 $f20131219 007A $01045744069 $aDNB 007T $0ArchMa24922 009P $qapplication/pdf $A2 $3Inhaltsverzeichnis $uhttp://d-nb.info/1045744069/04 $mB:DE-101 010@ $ager 011@ $a2013 013D $#Beiträge Formschlagwort $#Einzelbeiträge $#Sammelwerk Formschlagwort $74143413-4 $8Aufsatzsammlung [Ts1] $9085562742 017A $asf 021A $aLandschaften & Menschen im Baselbiet $hhrsg. von der Kommission für das Baselbieter Heimatbuch. [Red. und Lektorat: Yves Binet] 027A $aLandschaften und Menschen im Baselbiet 028C $BHerausgeber $4edt $7 $8Binet, Yves [Tnd] $9159180759 029F $#Fachkommission Baselbieter Heimatbuch $#Baselbieter Heimatbuch, Kommission $72135030-9 $8Kommission für das Baselbieter Heimatbuch [Tb1] $9043788955 033A $pLiestal $nVerlag Basel-Landschaft 034D $a403 Seiten 034I $a23 cm, 910 g 034M $aIllustrationen, Diagramme, Karten 036E $aBaselbieter Heimatbuch $l29 036F $x229 $8Baselbieter Heimatbuch $9316612936 $l29 044K $qDNB $RBasel $RKanton Basel $#Basel $#Kanton Basel-Land $#Bâle-Campagne $#Baselbiet $#Kanton Baselland $#Basel-Land $#Baselland $#Basel, Landrat Landschaft $#Landrat Basel, Landschaft $#Kanton Basel Landschaft $#Landschaft Basel $#Landeskanzlei Basel, Landschaft $#Basel Landschaft $#Basilea-Campagna $#Kanton Basel-Landschaft $74004619-9 $8Basel-Landschaft [Tg1] $9085004170 044K $qDNB $ROrtsgeschichte $#Local geography $#Géographie régionale $#Geografia regionale $#Geografia regional $#Heimatforschung $#Heimatgeschichte $74127794-6 $8Heimatkunde [Ts1] $9085440744 045E $c910 045F $a914.9433 $eDDC22ger 045F/01 $a914 045F/03 $g49433 lok: 33681618 105 exp: 33681618 105 1 #EPN 201B/01 $030-01-19 $t16:12:05.000 201C/01 $030-01-19 201U/01 $0utf8 203@/01 $01042453675 208@/01 $a13-12-18 $be 209A/01 $a/ $f106 $x00 247C/01 $8->Marburg, Bibliographie zum Archivwesen der Archivschule Marburg $939588196X
| LEADER | 00000cam a22000002c 4500 | ||
|---|---|---|---|
| 001 | 336816189 | ||
| 003 | DE-603 | ||
| 005 | 20250304110305.0 | ||
| 007 | tu | ||
| 008 | 140220s2013 xx |||| | u00||u|ger | ||
| 015 | |a 14,A08 |z 14,N02 |2 dnb | ||
| 016 | 7 | |2 DE-101 |a 1045744069 | |
| 020 | |a 9783856731151 |c Pp. : sfr 39.00 (freier Pr.) | ||
| 024 | 3 | |a 9783856731151 | |
| 028 | 5 | 2 | |a 9621102 |
| 035 | |a (DE-599)DNB1045744069 | ||
| 040 | |a DE-603 |b ger |c DE-603 |d DE-603 | ||
| 041 | |a ger | ||
| 082 | 0 | 4 | |8 1\u |a 914.9433 |q DE-101 |2 22/ger |
| 084 | |a 910 |q DE-101 |2 sdnb | ||
| 085 | |8 1\u |b 914 | ||
| 085 | |8 1\u |z 2 |s 49433 | ||
| 090 | |a b | ||
| 245 | 0 | 0 | |a Landschaften & Menschen im Baselbiet |c hrsg. von der Kommission für das Baselbieter Heimatbuch. [Red. und Lektorat: Yves Binet] |
| 246 | 1 | 3 | |a Landschaften und Menschen im Baselbiet |
| 264 | 1 | |a Liestal |b Verlag Basel-Landschaft |c 2013 | |
| 300 | |a 403 Seiten |b Illustrationen, Diagramme, Karten |c 23 cm, 910 g | ||
| 336 | |a Text |b txt |2 rdacontent | ||
| 337 | |a ohne Hilfsmittel zu benutzen |b n |2 rdamedia | ||
| 338 | |a Band |b nc |2 rdacarrier | ||
| 490 | 1 | |a Baselbieter Heimatbuch |v 29 | |
| 650 | 7 | |a Heimatkunde |0 (DE-588)4127794-6 |0 (DE-603)085440744 |2 gnd | |
| 651 | 7 | |a Basel-Landschaft |0 (DE-588)4004619-9 |0 (DE-603)085004170 |2 gnd | |
| 655 | 7 | |a Aufsatzsammlung |2 gnd-content |0 (DE-588)4143413-4 |0 (DE-603)085562742 | |
| 700 | 1 | |a Binet, Yves |e Herausgeber |4 edt |0 (DE-603)159180759 | |
| 710 | 2 | |a Kommission für das Baselbieter Heimatbuch |0 (DE-603)043788955 |0 (DE-588)2135030-9 |2 gnd | |
| 830 | 0 | |t Baselbieter Heimatbuch |v 29 |w (DE-603)316612936 |w (DE-600)341338-X |9 229 |7 as | |
| 856 | 4 | 2 | |m B:DE-101 |q application/pdf |u http://d-nb.info/1045744069/04 |3 Inhaltsverzeichnis |
| 924 | 0 | |9 - |a (DE-603)1042453675 |b DE- |c HES |d d |g / | |